Ngugi wa Thiong'o / (Record no. 31530)
[ view plain ]
| 000 -LEADER | |
|---|---|
| fixed length control field | 01065cam a2200277 a 4500 |
| 001 - CONTROL NUMBER | |
| control field | 11769319 |
| 005 - DATE AND TIME OF LATEST TRANSACTION | |
| control field | 20230222125854.0 |
| 008 - FIXED-LENGTH DATA ELEMENTS--GENERAL INFORMATION | |
| fixed length control field | 990809s2000 enk b 001 0 eng |
| 010 ## - LIBRARY OF CONGRESS CONTROL NUMBER | |
| LC control number | 99043662 |
| 020 ## - INTERNATIONAL STANDARD BOOK NUMBER | |
| International Standard Book Number | 052148006X |
| 035 ## - SYSTEM CONTROL NUMBER | |
| System control number | (DLC) 99043662 |
| 040 ## - CATALOGING SOURCE | |
| Original cataloging agency | DLC |
| Transcribing agency | DLC |
| Modifying agency | DLC |
| 043 ## - GEOGRAPHIC AREA CODE | |
| Geographic area code | f-ke--- |
| 050 00 - LIBRARY OF CONGRESS CALL NUMBER | |
| Classification number | PR 9381.9 .N45Z67 2000 |
| 100 1# - MAIN ENTRY--PERSONAL NAME | |
| Personal name | Gikandi, Simon. |
| 245 10 - TITLE STATEMENT | |
| Title | Ngugi wa Thiong'o / |
| Statement of responsibility, etc. | Simon Gikandi. |
| 260 ## - PUBLICATION, DISTRIBUTION, ETC. (IMPRINT) | |
| Place of publication, distribution, etc. | Cambridge, UK ; |
| -- | New York : |
| Name of publisher, distributor, etc. | Cambridge University Press, |
| Date of publication, distribution, etc. | 2000. |
| 300 ## - PHYSICAL DESCRIPTION | |
| Extent | xii, 328 p. ; |
| Dimensions | 23 cm. |
| 440 #0 - SERIES STATEMENT/ADDED ENTRY--TITLE | |
| Title | Cambridge studies in African and Caribbean literature |
| 504 ## - BIBLIOGRAPHY, ETC. NOTE | |
| Bibliography, etc | Includes bibliographical references (p. 317-324) and index. |
| 600 00 - SUBJECT ADDED ENTRY--PERSONAL NAME | |
| Personal name | Ngũgĩ wa Thiongʾo, |
| Dates associated with a name | 1938- |
| General subdivision | Criticism and interpretation. |
| 651 #0 - SUBJECT ADDED ENTRY--GEOGRAPHIC NAME | |
| Geographic name | Kenya |
| General subdivision | In literature. |
| 856 41 - ELECTRONIC LOCATION AND ACCESS | |
| Materials specified | Table of contents |
| Uniform Resource Identifier | <a href="http://www.loc.gov/catdir/toc/cam024/99043662.html">http://www.loc.gov/catdir/toc/cam024/99043662.html</a> |
| 856 42 - ELECTRONIC LOCATION AND ACCESS | |
| Materials specified | Publisher description |
| Uniform Resource Identifier | <a href="http://www.loc.gov/catdir/description/cam0210/99043662.html">http://www.loc.gov/catdir/description/cam0210/99043662.html</a> |
| 942 ## - ADDED ENTRY ELEMENTS (KOHA) | |
| Source of classification or shelving scheme | |
| Koha item type | Africana (Books) |
| Classification part | PR 9381.9 .N45Z67 2000 |
| Withdrawn status | Lost status | Source of classification or shelving scheme | Damaged status | Not for loan | Home library | Current library | Shelving location | Date acquired | Source of acquisition | Total Checkouts | Full call number | Barcode | Date last seen | Price effective from | Koha item type |
|---|---|---|---|---|---|---|---|---|---|---|---|---|---|---|---|
| MACHAKOS UNIVERSITY LIBRARY | MACHAKOS UNIVERSITY LIBRARY | Africana | 22/02/2023 | Purchase - Urban Books Centre | PR 9381.9 .N45Z67 2000 | 39312 | 22/02/2023 | 22/02/2023 | Africana (Books) |